Parry and Clark on the law of succession (Record no. 3554)

MARC details
000 -LEADER
fixed length control field 01110cam a2200313 i 4500
001 - CONTROL NUMBER
control field 3214653
003 - CONTROL NUMBER IDENTIFIER
control field OSt
005 - DATE AND TIME OF LATEST TRANSACTION
control field 20230704082910.0
008 - FIXED-LENGTH DATA ELEMENTS--GENERAL INFORMATION
fixed length control field 780329s1977 enk b 001 0 eng
010 ## - LIBRARY OF CONGRESS CONTROL NUMBER
LC control number 78303116
015 ## - NATIONAL BIBLIOGRAPHY NUMBER
National bibliography number GB***
020 ## - INTERNATIONAL STANDARD BOOK NUMBER
International Standard Book Number 0421222301 :
Terms of availability £13.50
040 ## - CATALOGING SOURCE
Original cataloging agency DLC
Transcribing agency DLC
Modifying agency DLC
043 ## - GEOGRAPHIC AREA CODE
Geographic area code e-uk---
050 00 - LIBRARY OF CONGRESS CALL NUMBER
Classification number KD1500
Item number .P37 1977
082 00 - DEWEY DECIMAL CLASSIFICATION NUMBER
Classification number 346/.42/052
Item number CLA
100 1# - MAIN ENTRY--PERSONAL NAME
Personal name Parry, David Hughes,
Titles and words associated with a name Sir,
Dates associated with a name 1893-1973.
245 10 - TITLE STATEMENT
Title Parry and Clark on the law of succession
250 ## - EDITION STATEMENT
Edition statement 8th ed. /
Remainder of edition statement by J. B. Clark.
260 ## - PUBLICATION, DISTRIBUTION, ETC. (IMPRINT)
Place of publication, distribution, etc. London :
Name of publisher, distributor, etc. Sweet & Maxwell, ;
Place of publication, distribution, etc. [Agincourt, Ont. :
Name of publisher, distributor, etc. distributed in Canada and U.S.A. by Carswell Co.],
Date of publication, distribution, etc. 1977.
300 ## - PHYSICAL DESCRIPTION
Extent lxxi, 487 ;
Dimensions 26 cm.
500 ## - GENERAL NOTE
General note First-6th ed. published under title: The law of succession, testate and intestate.
504 ## - BIBLIOGRAPHY, ETC. NOTE
Bibliography, etc Includes bibliographical references and index.
650 #0 - SUBJECT ADDED ENTRY--TOPICAL TERM
Topical term or geographic name as entry element Inheritance and succession
Geographic subdivision Great Britain.
650 #0 - SUBJECT ADDED ENTRY--TOPICAL TERM
Topical term or geographic name as entry element Executors and administrators
Geographic subdivision Great Britain.
700 1# - ADDED ENTRY--PERSONAL NAME
Personal name Clark, J. B.
Fuller form of name (John Bryan),
Dates associated with a name 1926-
906 ## - LOCAL DATA ELEMENT F, LDF (RLIN)
a 7
b cbc
c orignew
d 4
e ncip
f 19
g y-gencatlg
942 ## - ADDED ENTRY ELEMENTS (KOHA)
Source of classification or shelving scheme Dewey Decimal Classification
Koha item type Books
Holdings
Withdrawn status Lost status Source of classification or shelving scheme Damaged status Not for loan Home library Current library Date acquired Total Checkouts Full call number Barcode Date last seen Price effective from Koha item type
    Dewey Decimal Classification     County Hall Archives County Hall Archives 07/04/2023   346/.42/052 CLA 10000633 07/04/2023 07/04/2023 Books
LIBRARY OPENING HOURS

When the Parliament is sitting: 8.00a.m - 7.00p.m or until the house adjourns
Mondays and Fridays and when the House is on Recess:  8.00a.m - 5.00p.m
Closed on Weekends and Public Holidays

Online Public Access Catalog (OPAC)
Website: http://www.parliament.go.ke
Bunge Library: https://libraryir.parliament.go.ke
Contact: library@parliament.go.ke | Tel no: (254-2)2221291 or 2848000 Ext 5043